000 02158nam a2200349 i 4500
001 000028581
003 DO-SdBNP
005 20260130133901.0
007 ta
008 110411s2010 dr r 000 0 spa d
020 _a9789945423198
040 _aDO-SdBNP
_bspa
_cBNPHU
_erda
041 _aspa
082 4 _aRD864.44
_bM425h
_222
100 1 _aMateo, Andrés L.,
_d 1946-
_eautor
_4aut.
_9776
245 1 3 _aEl habla de los historiadores y otros ensayos /
_cAndrés L. Mateo.
250 _aPrimera edición
264 1 _aSanto Domingo :
_bUniversidad APEC,
_c2010.
300 _axiv, 161 páginas ;
_c22 cm.
336 _atexto
_btxt
_2rdacontent
337 _asin mediación
_bn
_2rdamedia
338 _avolumen
_bnc
_2rdacarrier
500 _aIncluye datos biográficos del autor en las solapas
505 0 _aPresentación del rector --
_tEl habla de los historiadores --
_t Discurso de recepción de Andrés L. Mateo en la Academia Dominicana de la Lengua, por Diógenes Céspedes --
_t La dominicanidad en los apuntes de un viaje, de José Martí --
_tUna lectura diferente de la quintilla del Padre Vásquez --
_t ¿Por qué vino Pedro Henríquez Ureña en 1931? --
_tAnexos al ensayo ¿Por qué vino Pedro Henríquez Ureña en 1931? --
_tAnexo I : Carta de Pedro Henríquez Ureña a Alfonso Reyes --
_tAnexo II : Pedro Henríquez Ureña, profesor en la Argentina por Rafael Alberto Arrieta --
_tAnexo III: Cartas de Pedro Henríquez Ureña a Max Henríquez Ureña y a Alfonso Reyes --
_t Anexo IV: Otras cartas de Pedro Henríquez Ureña a Max Henríquez Ureña y a Alfonso Reyes --
_t Anexo V : Recibimiento a Pedro Henríquez Ureña en Santo Domingo en el año 1931 --
_tAnexo VI : La escuela dominicana: su presente y su porvenir por Manuel E. Suncar --
_t Anexo VII : Pedro Henríquez Ureña y su patria República Dominicana por el Pericles Franco Ornes --
590 _aInventariado, 2019/BT
650 4 _aCrítica literaria
_93141
650 4 _aEnsayos dominicanos
_965
650 4 _aLiteratura dominicana
_978712
650 4 _aHistoriografía
_913064
910 _aD/G/Validado. Control de calidad MFF
942 _2ddc
_cLBS1
999 _c28073
_d28073